| 000 | 02471cam a22006734i 4500 | ||
|---|---|---|---|
| 003 | PE-LiUPU | ||
| 005 | 20250731170428.0 | ||
| 008 | 190813s2016 sp a rb 000 0 spa d | ||
| 020 | _a8436835921 | ||
| 020 | _a9788436835922 | ||
| 035 | _a(Sirsi) a252460 | ||
| 040 |
_aPE-LiUPU _bspa _cPE-LiUPU _erda |
||
| 049 | _aPRUA | ||
| 082 | 0 | 4 |
_a153.9 _bM84 _220 |
| 100 | 1 |
_aMontoya Castilla, Inmaculada, _eautor. |
|
| 245 | 1 | 0 |
_aPrograma Predema : _bprogama de educación emocional para adolescentes: de la emoción al sentido / _cInmaculada Montoya Castilla, Silvia Postigo Zegarra, Remedios González Barrón. |
| 264 | 1 |
_aMadrid : _bPiramide, _c2016. |
|
| 300 |
_a197 páginas : _bilustraciones ; _c23 centímetros. |
||
| 300 | _a1 CD-ROM | ||
| 336 |
_atext _2rdacontent |
||
| 337 |
_aunmediated _2rdamedia |
||
| 338 |
_avolume _2rdacarrier |
||
| 490 | 0 | _aColección "Ojos solares". Sección Programas | |
| 504 | _aBibliografía: páginas 169-175. | ||
| 505 | 0 | _aFundamentación teórica -- Sobre la adolescencia -- Sobre el sentido de la educación emocional -- Sobre la actitud del facilitador -- Síntesis teórica y planteamiento epistemológico -- Puesta en práctica -- Objetivos -- Sobre el método de aplicación -- El programa: guía de sesiones -- Valoración de la experiencia según los participantes -- Método -- Resultados y conclusiones. | |
| 526 | _aSEG68 | ||
| 526 | _aSEG70 | ||
| 526 | _aSEG69 | ||
| 526 | _aSEG67 | ||
| 526 | _aSEG43 | ||
| 526 | _aP144 | ||
| 526 | _aP143 | ||
| 526 | _aP131 | ||
| 526 | _aP122 | ||
| 526 | _aP120 | ||
| 526 | _aP117 | ||
| 526 | _aP112 | ||
| 526 | _aP110 | ||
| 526 | _aP106 | ||
| 526 | _aP101 | ||
| 526 | _aP80 | ||
| 526 | _aP59 | ||
| 526 | _aP54 | ||
| 526 | _aP35 | ||
| 526 | _aP33 | ||
| 526 | _aP30 | ||
| 541 | _g002-00001571; | ||
| 650 | 0 | 7 |
_aEducación emocional. _95642 |
| 650 | 0 | 4 |
_aPsicopedagogía. _91885 |
| 650 | 0 | 4 | _aInteligencia emocional. |
| 700 | 1 |
_aPostigo Zegarra, Silvia, _eautor. |
|
| 700 | 1 |
_aGonzález Barrón, Remedios, _eautor. |
|
| 910 |
_abgr _bncf _cncf _d20190813 |
||
| 942 |
_2ddc _cBOOK |
||
| 994 |
_aC0 _bPEPRU |
||
| 598 | _aCATALOGING | ||
| 596 | _a1 | ||
| 999 |
_a153.9 M84 _wDEWEY _c31686 _i80150 _f2021-11-3 _g3 _lCCODEBUL1 _mBUL _p22.51 _r0 _sY _tBOOK _u2019-8-13 _xSALUD _zP33 _0COMPRA _1FCOMPR3 _o.STAFF. Colección Ciencias de la Salud _d31686 |
||
| 980 |
_81 _gALBERTO SANCHEZ Responsable de Automatización |
||